Cargando...

Ethics: a contemporary introduction/

Detalles Bibliográficos
Autor Principal: Harry J Gensler
Formato: Printed Book
Publicado: London: Routledge, 1998.
Subjects:
LEADER 00512nam a22001451a 4500
020 |a 9780415156240 
082 |a 170  |b HAR/E 
100 |a Harry J Gensler   |9 134304 
245 |a Ethics:  |b a contemporary introduction/  |c by Harry J Gensler. 
260 |a London:  |b Routledge,  |c 1998. 
300 |a 211p. 
650 |a Ethics  |9 134305 
942 |c BK 
999 |c 13924  |d 13924 
952 |0 0  |1 0  |4 0  |6 170_000000000000000_HAR_E  |7 0  |9 19963  |a SSUS  |b SSUS  |c STACKS  |d 2015-01-08  |g 954.76  |l 4  |o 170 HAR/E  |p 022135  |r 2018-02-19  |s 2018-01-29  |v 0.00  |w 2015-01-08  |y BK